Cronistas de las culturas precolombinas: antología
Uloženo v:
| Hlavní autor: | |
|---|---|
| Médium: | Kniha |
| Jazyk: | španělština |
| Vydáno: |
Ciudad de México
Fondo de Cultura Económica
2010
|
| Vydání: | 2a. ed |
| Témata: | |
| Tagy: |
Přidat tag
Žádné tagy, Buďte první, kdo vytvoří štítek k tomuto záznamu!
|
MARC
| LEADER | 00000cam a2200000 a 4500 | ||
|---|---|---|---|
| 001 | UCG8762 | ||
| 003 | CL-VaPUC | ||
| 008 | 111229e20100000MX |||||||||||||||||spa|d | ||
| 020 | |a 9786071602251 | ||
| 082 | 0 | 4 | |a 980.13 |b NIC |2 21 |
| 100 | |a Nicolau d'Olwer, Luis |e autor |9 303738 | ||
| 245 | 1 | 0 | |a Cronistas de las culturas precolombinas: antología |
| 250 | |a 2a. ed | ||
| 300 | |a 799 p | ||
| 942 | |c BK | ||
| 945 | |d 20111229 00:00:00 |a dcastane | ||
| 260 | |a Ciudad de México |b Fondo de Cultura Económica |c 2010 | ||
| 650 | 0 | |a Culturas indígenas |9 266389 | |
| 583 | |a last modification |c 20111229 10:48:00 |k Rodrigo Vera | ||
| 999 | |c 346360 |d 346358 | ||
| 952 | |0 0 |1 0 |4 0 |6 980_130000000000000_NIC_2010 |7 0 |8 A |9 447033 |a BIBHIS |b BIBHIS |d 2019-11-22 |i 4818962 |l 4 |m 1 |o 980.13 NIC 2010 |p 4818962 |r 2025-01-20 |s 2023-12-14 |w 2019-11-22 |y BK |k HIS | ||
| 952 | |0 0 |1 0 |4 0 |6 980_130000000000000_NIC_2010 |7 0 |8 A |9 447034 |a BIBING |b BIBING |d 2019-11-22 |i 4874080 |o 980.13 NIC 2010 |p 4874080 |r 2025-01-20 |w 2019-11-22 |y BK |k CUI | ||